Les noms les plus répandus par département (2) 1890/1900 - Statistiques

Statistiques générales
  • Ce quiz a été pris 15 fois
  • Le résultat moyen est 25 sur 220
Statistiques - réponses
Département Nombre Nom % Correct
Nouvelle-Aquitaine 16 177 Martin
58%
Nouvelle-Aquitaine 17 178 Martin
58%
Nouvelle-Aquitaine 23 115 Martin
58%
Nouvelle-Aquitaine 33 281 Martin
58%
Nouvelle-Aquitaine 47 49 Martin
58%
Nouvelle-Aquitaine 79 166 Martin
58%
Nouvelle-Aquitaine 86 285 Martin
58%
Occitanie 30 315 Martin
58%
Occitanie 48 142 Martin
58%
Pays-de-la-Loire 44 295 Martin
58%
Pays-de-la-Loire 49 158 Martin
58%
Provence-Alpes-Côte d'Azur 04 115 Martin
58%
Provence-Alpes-Côte d'Azur 05 111 Martin
58%
Provence-Alpes-Côte d'Azur 06 152 Martin
58%
Provence-Alpes-Côte d'Azur 13 394 Martin
58%
Provence-Alpes-Côte d'Azur 83 260 Martin
58%
Provence-Alpes-Côte d'Azur 84 125 Martin
58%
Occitanie 30 173 Michel
42%
Provence-Alpes-Côte d'Azur 04 95 Michel
42%
Provence-Alpes-Côte d'Azur 13 324 Michel
42%
Provence-Alpes-Côte d'Azur 84 107 Michel
42%
Provence-Alpes-Côte d'Azur 84 118 Jean
33%
Martinique 9B 42 Jean
33%
Nouvelle-Aquitaine 16 186 Bernard
25%
Nouvelle-Aquitaine 17 207 Bernard
25%
Nouvelle-Aquitaine 33 215 Bernard
25%
Nouvelle-Aquitaine 79 142 Bernard
25%
Nouvelle-Aquitaine 86 154 Bernard
25%
Provence-Alpes-Côte d'Azur 04 174 Blanc
25%
Provence-Alpes-Côte d'Azur 05 108 Blanc
25%
Provence-Alpes-Côte d'Azur 13 392 Blanc
25%
Provence-Alpes-Côte d'Azur 83 205 Blanc
25%
Provence-Alpes-Côte d'Azur 84 143 Blanc
25%
Guadeloupe 9A 24 Louis
25%
Nouvelle-Aquitaine 16 125 Petit
25%
Nouvelle-Aquitaine 23 102 Petit
25%
Pays-de-la-Loire 44 274 David
17%
Occitanie 30 181 Durand
17%
Occitanie 34 215 Durand
17%
Occitanie 81 200 Durand
17%
Pays-de-la-Loire 44 224 Durand
17%
Nouvelle-Aquitaine 47 60 Fabre
17%
Occitanie 11 185 Fabre
17%
Occitanie 12 346 Fabre
17%
Occitanie 34 314 Fabre
17%
Occitanie 66 148 Fabre
17%
Occitanie 81 324 Fabre
17%
Provence-Alpes-Côte d'Azur 83 195 Fabre
17%
Occitanie 82 70 Rey
17%
Pays-de-la-Loire 44 221 Richard
17%
Pays-de-la-Loire 72 116 Richard
17%
Pays-de-la-Loire 85 224 Robin
17%
Occitanie 30 237 Roux
17%
Occitanie 48 117 Roux
17%
Provence-Alpes-Côte d'Azur 04 103 Roux
17%
Provence-Alpes-Côte d'Azur 05 133 Roux
17%
Provence-Alpes-Côte d'Azur 06 132 Roux
17%
Provence-Alpes-Côte d'Azur 13 349 Roux
17%
Provence-Alpes-Côte d'Azur 83 188 Roux
17%
Provence-Alpes-Côte d'Azur 84 167 Roux
17%
Nouvelle-Aquitaine 86 174 Roy
17%
Nouvelle-Aquitaine 87 141 Thomas
17%
Occitanie 31 127 Abadie
8%
Occitanie 32 94 Abadie
8%
Occitanie 65 276 Abadie
8%
Guyane 9C 4 Alexandre
8%
Nouvelle-Aquitaine 87 128 Bonnet
8%
Occitanie 11 161 Bousquet
8%
Occitanie 12 276 Bousquet
8%
Occitanie 34 193 Bousquet
8%
Occitanie 31 126 Castex
8%
Occitanie 66 119 Coste
8%
Nouvelle-Aquitaine 16 135 Delage
8%
Occitanie 12 215 Delmas
8%
Occitanie 46 76 Delmas
8%
Occitanie 82 64 Delmas
8%
Nouvelle-Aquitaine 19 127 Dupuy
8%
Nouvelle-Aquitaine 24 154 Dupuy
8%
Nouvelle-Aquitaine 33 219 Dupuy
8%
Nouvelle-Aquitaine 47 53 Dupuy
8%
Occitanie 31 116 Dupuy
8%
Occitanie 32 91 Dupuy
8%
Réunion 9D 137 Fontaine
8%
Pays-de-la-Loire 53 100 Garnier
8%
Nouvelle-Aquitaine 79 149 Gir
8%
Guadeloupe 9A 18 Guillaume
8%
Martinique 9B 24 Jean-Baptiste
8%
Martinique 9B 34 Joseph
8%
Nouvelle-Aquitaine 33 223 Lafon
8%
Occitanie 46 85 Lafon
8%
Occitanie 82 56 Lafon
8%
Martinique 9B 30 Marie
8%
Nouvelle-Aquitaine 24 179 Marty
8%
Occitanie 11 227 Marty
8%
Occitanie 12 265 Marty
8%
Occitanie 31 139 Marty
8%
Occitanie 66 155 Marty
8%
Occitanie 81 301 Marty
8%
Occitanie 82 92 Marty
8%
Nouvelle-Aquitaine 16 192 Moreau
8%
Nouvelle-Aquitaine 17 200 Moreau
8%
Nouvelle-Aquitaine 23 145 Moreau
8%
Nouvelle-Aquitaine 79 229 Moreau
8%
Nouvelle-Aquitaine 86 211 Moreau
8%
Nouvelle-Aquitaine 87 207 Moreau
8%
Pays-de-la-Loire 49 171 Moreau
8%
Pays-de-la-Loire 85 253 Moreau
8%
Occitanie 09 239 Pujol
8%
Mayotte 9E 3 Rio
8%
Occitanie 81 163 Roques
8%
Nouvelle-Aquitaine 86 131 Rousseau
8%
Pays-de-la-Loire 53 96 Rousseau
8%
Pays-de-la-Loire 72 112 Rousseau
8%
Pays-de-la-Loire 85 204 Rousseau
8%
Nouvelle-Aquitaine 47 49 Vidal
8%
Occitanie 11 206 Vidal
8%
Occitanie 34 327 Vidal
8%
Occitanie 48 90 Vidal
8%
Occitanie 66 199 Vidal
8%
Martinique 9B 24 Adélaïde
0%
Guadeloupe 9A 19 Alexis
0%
Mayotte 9E 3 Apesteguy
0%
Provence-Alpes-Côte d'Azur 05 106 Arnaud
0%
Provence-Alpes-Côte d'Azur 13 289 Arnaud
0%
Mayotte 9E 3 Audoux
0%
Autres Territoires XX 53 Bard
0%
Pays-de-la-Loire 72 116 Bellanger
0%
Autres Territoires XX 54 Belle
0%
Nouvelle-Aquitaine 19 185 Besse
0%
Nouvelle-Aquitaine 64 140 Bordenave
0%
Pays-de-la-Loire 72 110 Boulay
0%
Autres Territoires XX 69 Boule
0%
Guadeloupe 9A 20 Bourgeois
0%
Pays-de-la-Loire 53 93 Bouvier
0%
Pays-de-la-Loire 44 221 Briand
0%
Mayotte 9E 7 Briand
0%
Pays-de-la-Loire 53 96 Bruneau
0%
Occitanie 48 90 Brunel
0%
Occitanie 65 151 Carrère
0%
Nouvelle-Aquitaine 64 159 Cazenave
0%
Occitanie 65 84 Cazenave
0%
Pays-de-la-Loire 85 263 Charrier
0%
Guyane 9C 6 Clet
0%
Occitanie 81 213 Combes
0%
Mayotte 9E 4 Cormier
0%
Occitanie 12 214 Costes
0%
Occitanie 46 73 Couderc
0%
Nouvelle-Aquitaine 19 167 Coudert
0%
Occitanie 34 200 Cros
0%
Occitanie 09 173 Dedieu
0%
Occitanie 09 121 Dejean
0%
Occitanie 46 91 Delpech
0%
Occitanie 82 67 Delpech
0%
Occitanie 30 175 Dumas
0%
Nouvelle-Aquitaine 40 308 Dupouy
0%
Nouvelle-Aquitaine 64 276 Etcheverry
0%
Occitanie 09 175 Eychenne
0%
Provence-Alpes-Côte d'Azur 06 91 Faraut
0%
Guyane 9C 4 Farlot
0%
Nouvelle-Aquitaine 87 231 Faucher
0%
Nouvelle-Aquitaine 24 327 Faure
0%
Nouvelle-Aquitaine 33 167 Faure
0%
Nouvelle-Aquitaine 87 219 Faure
0%
Occitanie 31 131 Faure
0%
Provence-Alpes-Côte d'Azur 05 143 Faure
0%
Nouvelle-Aquitaine 87 128 Faye
0%
Occitanie 65 86 Fontan
0%
Occitanie 65 139 Fourcade
0%
Provence-Alpes-Côte d'Azur 06 129 Gastaud
0%
Nouvelle-Aquitaine 17 137 Giraud
0%
Nouvelle-Aquitaine 23 101 Giraud
0%
Provence-Alpes-Côte d'Azur 04 102 Giraud
0%
Provence-Alpes-Côte d'Azur 83 199 Giraud
0%
Guyane 9C 6 Goudet
0%
Réunion 9D 162 Grondin
0%
Mayotte 9E 3 Hacala
0%
Réunion 9D 164 Hoarau
0%
Réunion 9D 137 Hoareau
0%
Guadeloupe 9A 22 Kancel
0%
Nouvelle-Aquitaine 40 180 Labat
0%
Nouvelle-Aquitaine 40 171 Laborde
0%
Nouvelle-Aquitaine 64 298 Laborde
0%
Nouvelle-Aquitaine 24 150 Lacombe
0%
Nouvelle-Aquitaine 47 58 Lacombe
0%
Occitanie 46 71 Lacombe
0%
Nouvelle-Aquitaine 24 134 Lacoste
0%
Nouvelle-Aquitaine 47 49 Lacoste
0%
Occitanie 32 80 Lacoste
0%
Nouvelle-Aquitaine 47 54 Laffargue
0%
Occitanie 32 75 Laffargue
0%
Occitanie 09 118 Laffont
0%
Nouvelle-Aquitaine 40 185 Lafitte
0%
Nouvelle-Aquitaine 40 235 Lalanne
0%
Nouvelle-Aquitaine 64 155 Lalanne
0%
Occitanie 32 75 Lalanne
0%
Provence-Alpes-Côte d'Azur 06 202 Lanteri
0%
Autres Territoires XX 54 Martial
0%
Pays-de-la-Loire 85 222 Martineau
0%
Occitanie 48 122 Maurin
0%
Pays-de-la-Loire 49 142 Menard
0%
Nouvelle-Aquitaine 19 183 Monteil
0%
Nouvelle-Aquitaine 79 153 Morin
0%
Occitanie 66 89 Olive
0%
Pays-de-la-Loire 72 141 Papin
0%
Autres Territoires XX 61 Paulin
0%
Réunion 9D 263 Payet
0%
Pays-de-la-Loire 49 143 Pineau
0%
Pays-de-la-Loire 49 127 Poirier
0%
Mayotte 9E 4 Poirier
0%
Pays-de-la-Loire 53 102 Pottier
0%
Occitanie 11 220 Raynaud
0%
Nouvelle-Aquitaine 17 171 Renaud
0%
Guadeloupe 9A 18 Romain
0%
Guyane 9C 4 Sebelque
0%
Mayotte 9E 3 Slaney
0%
Guyane 9C 4 Sophie
0%
Occitanie 65 84 Soule
0%
Nouvelle-Aquitaine 23 92 Tixier
0%
Nouvelle-Aquitaine 19 149 Vergne
0%
Mayotte 9E 5 Vigneau
0%
Aucun quiz correspondant
Distribution des résultats
% des personnes avec chaque résultat
Percentile par nombre de réponses
Votre historique - résultats
Vous n’avez pas pris ce quiz